| 000 | 02090nam a2200217Ia 4500 | ||
|---|---|---|---|
| 999 |
_c30010 _d30010 |
||
| 003 | OSt | ||
| 005 | 20210626154035.0 | ||
| 008 | 160316s2011 xxu||||| |||| 00| 0 eng d | ||
| 020 | _a9781138664975 | ||
| 040 | _cNLS | ||
| 082 | _a954.031 MAZ | ||
| 100 | _aMazumdar Shaswati | ||
| 245 | _aInsurgent sepoys : Europe views the revolt of 1857 | ||
| 260 |
_aLondon _bRoutledge _c2011 |
||
| 300 |
_a305p _cxiii |
||
| 365 | _b Rs. 795 | ||
| 505 | _aContents: Introduction; Part I. News and Views; 1. German Responses: Theodor Fontane, Edgar Bauer, Wilhelm Liebknecht Claudia Reichel; 2. French Counter-Narratives: Nationalisme, Patriotisme and Revolution Nicola Frith; 3. Freedom and Democracy: The Revolt in the Italian Press Chiara Cherubini; 4. A View of the Revolt in the Spanish Press Vibha Maurya and Maneesha Taneja; 5. The Rebellion in Hungarian Newspapers and Journals Margit Koves; 6. Czech Representations of India and the Rebellion, 1850-1930 Sarah Lemmen; 7. Bulgarska Dnevnitsa: A Bulgarian response to the Uprising Rashmi Joshi; Part II. Fact and Fiction; 8. Retcliffe's Nena Sahib and the German Discourse on India Anil Bhatti; 9. The Rebellion of an Indian Temple Dancer Carola Hilmes; 10. The Stirring Story of the 'Cipays': Italian Narrative Responses Flaminia Nicora; 11. 'Remember Cawnpore': The 'Massacre' in the Voice of Italian Narrators Sharmistha Lahiri; 12. Emilio Salgari's The Two Tigers: Exoticism, Anti-Imperialism and Ambivalence Alessandro Portelli; 13. Lost in Translation: Jules Verne and the Indian Rebellion Swati Dasgupta; 14. 'A Great Insurrection': Jules Verne and British 'Mutiny' Fiction Suchitra Choudhury; 15. The Rebellion in a 19th Century Indo-Portuguese Novel Everton V. Machado; 16. Francisco Luis Gomes's 'Os Brahamanes': The Uprising and Anglo Indian Society Balaji Ranganathan; 17. The Dragon of Fire: A Dramatic Representation of the Revolt Vijaya Venkataraman. About the Editor. Notes on Contributors. Index. | ||
| 650 | _a1. British Administration - Europe Revolt - 1857 | ||
| 700 |
_a _a |
||
| 942 |
_2ddc _cBK |
||